000 02796nam a2200289 a 4500
003 OSt
005 20240905144217.0
007 cr ||||||a|c|a
008 231123s2021 mx a|||fom||| 001 0 spa d
040 _erda
100 1 _9188298
_aSosa Calix, Jainer Oniel
245 1 0 _aModelación de la dinámica de poblaciones de trips (insecta : thysanoptera ) en el cultivo de aguacate (Persea americana Mill.) /
_cpor Jainer Oniel Sosa Calix : director de tesis Joel Pineda Pineda.
264 1 _aChapingo, México :
_bEl autor,
_c2021.
300 _a1 recurso en línea (200 páginas):
_bfiguras, cuadros.
336 _2rdacontent
_atexto
_btxt
337 _2rdamedia
_acomputadora
_bc
338 _2rdacarrier
_arecurso en línea
_bcr
502 _bMCPV
_cParasitología
_d2021.
504 _aIncluye referencias bibliográficas: páginas 64-73,184-186.
520 _aEn el presente trabajo se plantearon dos objetivos: resumir los principales enfoques del modelado dinámico de poblaciones de insectos mediante ecuaciones diferenciales (ordinarias y parciales) y el desarrollo de dos modelos matemáticos, uno simple y otro complejo, para predecir el comportamiento de la dinámica de poblaciones de trips en el cultivo de aguacate. En primer lugar, se describen los procedimientos de desarrollo de un modelo compartimental basado en ecuaciones diferenciales ordinarias (ODEs) y un modelo complejo basado en una ecuación diferencial parcial (PDE). Ambos procedimientos se basan en datos de desarrollo, mortalidad y tasas de oviposición medidas a temperaturas constantes. Adicionalmente, el modelo basado en PDE utiliza tasas de dispersión. Ambos modelos emplean la temperatura del aire como variable de entrada. El modelo simple consta de trece ODEs mientras que la discretización de la PDE da lugar a ciento trece ODEs. En segundo lugar, se presenta la programación computacional de ambos modelos en los ambientes de simulación Fortran Simulation Translator (FST) y Matlab-Simulink, que resuelven numéricamente los modelos mediante el algoritmo de integración de Euler. Finalmente, se discuten el desempeño, las fortalezas y debilidades de los dos modelos. Las principales conclusiones de este trabajo son que ambos enfoques son necesarios para aumentar el conocimiento del comportamiento de la población de trips, pero también para utilizar diversos modelos en el combate de plagas insectiles en cultivos agrícolas como el aguacate.
650 4 _92543
_aAguacate
_xPlagas
650 4 _958911
_aInsectos
_xDispersión
650 4 _958929
_aInsectos
_xIdentificación
700 1 _988172
_aPineda Pineda, Joel
_eDirector de tesis.
856 _uhttp://10.13.5.2/tesis/tm/1813033-8_JAINER_ONIEL_SOSA_CALIX.pdf
_zDESCARGAR PDF
942 _2Clasificación Universidad Autónoma Chapingo
_cTD
999 _c219442
_d219442